Lo que el Covid-19 nos dejó : reflexiones académicas para entender la sociedad después de la pandemia /

Detalles Bibliográficos
Autor principal: Sabogal Murcia, Leonardo (Autor)
Otros Autores: Serrano Quimbaya, José Julián, 1977- (Editor)
Formato: Electrónico eBook
Lenguaje:español
Publicado: Cali, Valle del Cauca, Colombia : Programa Editorial, Universidad Autónoma de Occidente, 2023.
Edición:Primera edición.
Colección:Colección Divulgación (Universidad Autónoma de Occidente)
Materias:
Acceso en línea:Digitalia Hispánica

MARC

LEADER 00000nam a2200000 i 4500
001 DIGUAOCCTE0083
003 NyNyDIG
006 m o d
007 cr |||||||||||
008 231022s2023 ck a ob 000 0 spa d
035 |a (OCoLC)1406036674 
040 |a DGITA  |b eng  |e rda  |e pn  |c DGITA 
020 |a 9789586191111  |q eBook 
050 1 4 |a RA644.C67 ebook 
245 0 0 |a Lo que el Covid-19 nos dejó :  |b reflexiones académicas para entender la sociedad después de la pandemia /  |c compilador, José Julián Serrano Quimbaya; Leonardo Sabogal Murcia [and 22 others]. 
246 3 0 |a Reflexiones académicas para entender la sociedad después de la pandemia 
250 |a Primera edición. 
264 1 |a Cali, Valle del Cauca, Colombia :  |b Programa Editorial, Universidad Autónoma de Occidente,  |c 2023. 
300 |a 1 online resource :  |b illustrations. 
336 |a text  |b txt  |2 rdacontent 
337 |a computer file  |b c  |2 rdamedia 
338 |a online resource  |b cr  |2 rdacarrier 
347 |a text file  |2 rdaft 
347 |b EPUB 
490 1 |a Colección Divulgación  
504 |a Includes bibliographical references. 
588 0 |a Online resource; title from ePub title page (Digitalia, viewed October 22, 2023) 
650 0 |a COVID-19 (Disease)  |x Social aspects. 
650 0 |a COVID-19 (Disease)  |x Economic aspects. 
700 1 |a Sabogal Murcia, Leonardo,  |e author. 
700 1 |a Serrano Quimbaya, José Julián,  |d 1977-  |e editor. 
791 2 |a Digitalia (Firm),  |e distributor. 
793 0 |g Digitalia eBook Collection:  |a Universidad Autónoma de Occidente 
830 0 |a Colección Divulgación (Universidad Autónoma de Occidente) 
856 4 0 |3 Digitalia Hispánica  |u https://www.digitaliapublishing.com/a/130504/ 
910 |a Premium collection: 2023